000 00835 a2200217 4500
003 UA-OsUOA
005 20210810142946.0
008 210714b un ||||| |||| 00| 0 ukr d
040 _aUA-OsUOA
_bukr
_cUA-OsUOA
_dUA-OsUOA
041 _aukr
080 _a82-94:614.2
090 _a82-94:614.2
_bШ83
100 _aШпізель Р.
_cкандидат мед. наук
245 _aМедики Острога
_bісторико-біографо-бібліографічне дослідження
_cРафаель Шпізель
260 _aОстрог
_bСвинарчук Р. В.
_c2004
300 _a302 с.
650 _2UDC
_a82 Література
942 _cBK
_2udc
955 _a7
999 _c571001
_d571001